Microeconomic theory (Record no. 82907)

MARC details
000 -LEADER
fixed length control field 01004nam a2200193 a 4500
008 - FIXED-LENGTH DATA ELEMENTS--GENERAL INFORMATION
fixed length control field 120416s1980 ||||||||||||||||| || u
050 ## - LIBRARY OF CONGRESS CALL NUMBER
Classification number HB 172 Gou
100 ## - MAIN ENTRY--PERSONAL NAME
Personal name Gould, J. P
245 10 - TITLE STATEMENT
Title Microeconomic theory
250 ## - EDITION STATEMENT
Edition statement 5th ed.
260 ## - PUBLICATION, DISTRIBUTION, ETC.
Place of publication, distribution, etc. Homewwod, Ill.
Name of publisher, distributor, etc. R. D. Irwin
Date of publication, distribution, etc. 1980
300 ## - PHYSICAL DESCRIPTION
Extent xiv, 556p. : ill.
350 ## -
-- 0.00
650 ## - SUBJECT ADDED ENTRY--TOPICAL TERM
Topical term or geographic name entry element MICROECONOMICS
995 ## -
-- MAIN LIBRARY OPEN ACCESS
-- 0.00
-- 704077
-- CBU-MAIN LIBRARY (Kitwe)
-- 2
-- 0.00
-- HB 172 Gou
-- 3
-- AVAILABLE
-- 024086
-- Main Library Open Access Collection
995 ## -
-- MAIN LIBRARY OPEN ACCESS
-- 0.00
-- 024082
-- CBU-MAIN LIBRARY (Kitwe)
-- 3
-- 0.00
-- HB 172 Gou
-- 4
-- AVAILABLE
-- 024082
-- Main Library Open Access Collection
995 ## -
-- MAIN LIBRARY OPEN ACCESS
-- 0.00
-- 020194
-- CBU-MAIN LIBRARY (Kitwe)
-- 4
-- 0.00
-- HB 172 Gou
-- 1
-- AVAILABLE
-- 020194
-- Main Library Open Access Collection
995 ## -
-- MAIN LIBRARY OPEN ACCESS
-- 0.00
-- 704076
-- CBU-MAIN LIBRARY (Kitwe)
-- 1
-- 0.00
-- HB 172 Gou
-- 2
-- AVAILABLE
-- 023562
-- Main Library Open Access Collection
999 ## -
-- 82907
-- 82907
Holdings
Withdrawn status Lost status Source of classification or shelving scheme Damaged status Not for loan Permanent Location Current Location Shelving location Date acquired Total Checkouts Full call number Barcode Date last seen Copy number Price effective from Koha item type
          CBU-MAIN LIBRARY, KITWE. CBU-MAIN LIBRARY, KITWE.   09/29/2023   HB 172 Gou 024086 09/29/2023 1 09/29/2023 MONOGRAPH
          CBU-MAIN LIBRARY, KITWE. CBU-MAIN LIBRARY, KITWE.   09/29/2023   HB 172 Gou 024082 09/29/2023 2 09/29/2023 MONOGRAPH
          CBU-MAIN LIBRARY, KITWE. CBU-MAIN LIBRARY, KITWE.   09/29/2023   HB 172 Gou 020194 09/29/2023 3 09/29/2023 MONOGRAPH
          CBU-MAIN LIBRARY, KITWE. CBU-MAIN LIBRARY, KITWE.   09/29/2023   HB 172 Gou 023562 09/29/2023 4 09/29/2023 MONOGRAPH